Tepelné režimy a straty zapúzdrených vodičov. /

Saved in:
Bibliographic Details
Main Author: Kalousek, Milan (Author)
Format: Manuscript Book
Published: Bratislava : SVŠT v Bratislave SjF, 1979
Tags: Add Tag
No Tags, Be the first to tag this record!

MARC

LEADER 00000ntm a22000003a 4500
001 stu47665
005 20150617225710.2
008 ------s1979----cs----------------------d
040 |a STU  |b slo 
041 0
044 |a cs 
080 |a 621.313.322-81 
080 |a 536.7  |7 A000000260 
080 |a 519.68 
100 1 |a Kalousek, Milan  |4 aut 
245 1 |a Tepelné režimy a straty zapúzdrených vodičov. /  |c [aut.] Kalousek,Milan 
260 |a Bratislava :  |b SVŠT v Bratislave SjF,  |c 1979 
300 |a 79 s 
996 |b J60898  |c J*60898/DIZ.  |l JJSK  |s A  |a 24  |w stu47665_0001